Ingeniería ambiental: fundamentos, entornos, tecnologías y sistemas de gestión
Gardado en:
| Autor Principal: | |
|---|---|
| Formato: | Libro |
| Idioma: | Lingua castelá |
| Publicado: |
Madrid
McGraw Hill
1999
|
| Subjects: | |
| Tags: |
Engadir etiqueta
Sen Etiquetas, Sexa o primeiro en etiquetar este rexistro!
|
MARC
| LEADER | 00000nam a2200000 a 4500 | ||
|---|---|---|---|
| 001 | UCP8481 | ||
| 003 | CL-VaPUC | ||
| 008 | 000303e19990000SP |||||||||||||||||spa|d | ||
| 020 | |a 8448120396 | ||
| 082 | 0 | 4 | |a 628 |b KIE |2 21 |
| 100 | 0 | |a Kiely, Gerard |e author |9 438462 | |
| 245 | 1 | 0 | |a Ingeniería ambiental: fundamentos, entornos, tecnologías y sistemas de gestión |
| 300 | |a 1331 p | ||
| 942 | |c BK | ||
| 945 | |d 20000303 00:00:00 |a vberengu | ||
| 260 | |a Madrid |b McGraw Hill |c 1999 | ||
| 650 | 7 | |a CONTAMINACION |2 CL-VaPUC |9 258139 | |
| 650 | 0 | |a Contaminación atmosférica |9 262775 | |
| 650 | 0 | |a Contaminación del agua |9 261423 | |
| 650 | 0 | |a Gestión ambiental |9 338121 | |
| 650 | 0 | |a Hidrología |9 261396 | |
| 650 | 0 | |a Ingeniería ambiental |9 328689 | |
| 650 | 0 | |a Medio ambiente |9 257625 | |
| 650 | 0 | |a Microbiología |9 259706 | |
| 650 | 0 | |a Química |9 259896 | |
| 650 | 0 | |a Recursos naturales |9 255232 | |
| 650 | 7 | |a TRATAMIENTO DE LAS AGUAS RESIDUALES |2 CL-VaPUC |9 438463 | |
| 583 | |a last modification |c 20000303 00:00:00 |k Rodrigo Vera | ||
| 999 | |c 285377 |d 285375 | ||
| 952 | |0 0 |1 0 |4 0 |6 628_000000000000000_KIE_1999 |7 0 |8 A |9 329932 |a BIBING |b BIBING |d 2019-11-20 |i 3588696 |o 628 KIE 1999 |p 3588696 |r 2025-01-20 |w 2019-11-20 |y BK |k CCL | ||
| 952 | |0 0 |1 0 |4 0 |6 628_000000000000000_KIE_1999 |7 0 |8 A |9 329933 |a BIBAGR |b BIBAGR |d 2019-11-20 |i 434426K |o 628 KIE 1999 |p 434426K |r 2025-01-20 |w 2019-11-20 |y BK |k AGR | ||